000 00618nam a2200241Ia 4500
003 OSt
005 20220918211611.0
006 a|||||r|||| 00| 0
007 ta
008 220917b |||||||| |||| 00| 0 eng d
024 _a124,978
037 _cTextual
040 _aARTS
_cARTS
_beng
041 _2eng
_aeng
082 _aW:91.P, M8
100 _aDomke William Kinkade
_9121061
245 0 _aWar and the changing global system
260 _c1988
300 _aix,209p.
_ccm.
650 _aPOLITICAL SCIENCE
942 _hW:91.P, M8
_cTEXL
_2CC
999 _c248163
_d248163